00945nam a2200217 i 4500001000700000003000900007005001700016008004100033020001800074100003000092245016400122260005700286300006100343490004500404504003700449536011100486610002700597700004100624830004200665852002000707172101ES-MaACL20250923160859.0090615s1993 sp abf |||| | spa d a84-7914-095-X1 aVelasco Bayón, Balbino.14aLos Carmelitas b: historia de la Orden del Carmen. nIV, pEl Carmelo español (1260-1980) / cBalbino Velasco Bayón ; prólogo de Antonio Rumeu de Armas. aMadrid : bBiblioteca de Autores Cristianos, c1993. aXLVI, 557 p., [30] p. de lám. : bmap., il. ; c20 cm.1 aBiblioteca de Autores Cristianos ; v532 aBibliografía : p. [XXXI]-XLVI. aObra patrocinada por la Conferencia de Superiores y Superioras Mayores Carmelitas de la Región Ibérica2 aCarmelitas-vHistoria.1 aRumeu de Armas, Antonio, d1912-200600aBiblioteca de autores cristianosv532 aES-MaACLjJ-519